[Event "Chigorin Memorial Blitz 30th"]
[Site "St Petersburg"]
[Date "2023.10.20"]
[Round "10"]
[White "Afanasiev, Nikita"]
[Black "Pristalov, Evgeny"]
[Result "1-0"]
[WhiteElo "2533"]
[BlackElo "2205"]
[PlyCount "109"]
[EventDate "2023.10.20"]
[EventType "swiss (blitz)"]
[EventRounds "11"]
[EventCountry "RUS"]
[SourceTitle "Mega2024 Update 01"]
[Source "Chessbase"]
[SourceDate "2023.11.12"]
[SourceVersion "1"]
[SourceVersionDate "2023.11.12"]
[SourceQuality "1"]

1. Nf3 Nf6 2. g3 g6 3. Bg2 Bg7 4. 0-0 0-0 5. d4 d5 6. c4 c6 7. Qb3 a5 8. cxd5 Nxd5 9. Nc3 b5 10. e4 Nb6 11. Rd1 Bg4 12. e5 a4 13. Qc2 Na6 14. h3 Nb4 15. Qe2 Bf5 16. Ne4 Be6 17. a3 Bc4 18. Qd2 N4d5 19. Re1 h6 20. h4 Qd7 21. Kh2 Qf5 22. Nc5 Rad8 23. Qd1 Qc8 24. Bd2 Nc7 25. Ba5 Qb8 26. Rc1 Qa7 27. Bxb6 Qxb6 28. Nxa4 Qa7 29. Nc3 Nd5 30. Ne4 Nb6 31. Qd2 Bd5 32. Qe2 Qd7 33. Red1 Nc4 34. Nc3 Be6 35. Rc2 Bg4 36. a4 b4 37. Ne4 Nb6 38. a5 Nd5 39. Nc5 Qc7 40. a6 Ra8 41. Qc4 f6 42. Re1 Kh7 43. exf6 Bxf6 44. Ne5 Qc8 45. Nxc6 Qxc6 46. Bxd5 Qc8 47. Bb7 Qc7 48. Bxa8 Rxa8 49. Qd5 Rd8 50. Qb7 Qd6 51. a7 Bxh4 52. a8Q Rxa8 53. Qxa8 h5 54. Qe4 Bf5 55. Qxh4 1-0

[Event "Chigorin Memorial 28th"]
[Site "St Petersburg"]
[Date "2021.10.23"]
[Round "1"]
[White "Pristalov, Evgeny"]
[Black "Butvin, Andrey"]
[Result "1-0"]
[WhiteElo "2224"]
[BlackElo "1781"]
[PlyCount "54"]
[EventDate "2021.10.23"]
[EventType "swiss"]
[EventRounds "9"]
[EventCountry "RUS"]
[SourceTitle "EXT 2023"]
[Source "ChessBase"]
[SourceDate "2022.10.05"]
[SourceVersion "1"]
[SourceVersionDate "2022.10.05"]
[SourceQuality "1"]

1. e4 e6 2. d4 d5 3. Nc3 Nf6 4. e5 Nfd7 5. f4 c5 6. Nf3 Nc6 7. Be3 cxd4 8. Nxd4 Bc5 9. Qd2 0-0 10. 0-0-0 a6 11. Qf2 Bxd4 12. Bxd4 b5 13. Be3 b4 14. Na4 a5 15. h4 Ba6 16. Bd3 Qb8 17. h5 Bxd3 18. Rxd3 Qb5 19. b3 Rfc8 20. Kb1 Ne7 21. h6 g6 22. g4 Ra6 23. Rd2 Rac6 24. Bd4 R8c7 25. Rg1 Nc8 26. f5 Ncb6 27. fxg6 hxg6 1-0

[Event "PRO League Eastern"]
[Site "Chess.com INT"]
[Date "2017.01.18"]
[Round "2"]
[White "Abdumalik, Zhansaya"]
[Black "Pristalov, Evgeny"]
[Result "1-0"]
[WhiteElo "2430"]
[BlackElo "2213"]
[PlyCount "117"]
[EventDate "2017.01.11"]
[EventType "team-swiss (rapid)"]
[EventRounds "7"]
[EventCountry "USA"]
[SourceTitle "CBM 176 Extra"]
[Source "ChessBase"]
[SourceDate "2017.03.02"]
[SourceVersion "1"]
[SourceVersionDate "2017.03.02"]
[SourceQuality "1"]
[WhiteTeam "Shymkent Nomads"]
[BlackTeam "Gorky Stormbringers"]
[WhiteTeamCountry "KAZ"]
[BlackTeamCountry "RUS"]

1. e4 c5 2. Nf3 g6 3. d4 cxd4 4. Nxd4 Nc6 5. c4 Nf6 6. Nc3 Nxd4 7. Qxd4 d6 8. Be3 Bg7 9. f3 0-0 10. Qd2 a5 11. Be2 a4 12. 0-0 Qa5 13. Rfc1 Bd7 14. Rab1 Rfc8 15. b4 axb3 16. axb3 Qb4 17. Kf1 Ra3 18. Nb5 Qxd2 19. Bxd2 Ra2 20. Be3 h5 21. Nc3 Ra3 22. Ke1 Kh7 23. Kd2 Bh6 24. f4 Bc6 25. Bf3 Ng4 26. Bxg4 hxg4 27. g3 Bg7 28. Nd5 Re8 29. Kd3 f5 30. exf5 gxf5 31. Bd4 Ra2 32. Re1 e5 33. Bg1 e4+ 34. Ke3 b5 35. Nb4 Rea8 36. Nxc6 bxc4 37. Rec1 d5 38. Ne5 Rd8 39. Kd4 Bf8 40. bxc4 dxc4+ 41. Kxc4 Ra4+ 42. Kb5 Rda8 43. Rc7+ Kg8 44. Nc6 Bd6 45. Rd7 Bf8 46. Ra7 R8xa7 47. Bxa7 Ra2 48. Bg1 Rg2 49. Kc4 Bd6 50. Nd4 e3 51. Bxe3 Rxh2 52. Nxf5 Bf8 53. Rb8 Kf7 54. Kd3 Ra2 55. Rb7+ Ke6 56. Nd4+ Kd5 57. Rb5+ Bc5 58. Nb3 Ra3 59. Rxc5+ 1-0

[Event "PRO League Eastern"]
[Site "Chess.com INT"]
[Date "2017.01.18"]
[Round "2"]
[White "Pristalov, Evgeny"]
[Black "Aghasiyev, Kamal"]
[Result "0-1"]
[WhiteElo "2213"]
[BlackElo "2411"]
[PlyCount "102"]
[EventDate "2017.01.11"]
[EventType "team-swiss (rapid)"]
[EventRounds "7"]
[EventCountry "USA"]
[SourceTitle "CBM 176 Extra"]
[Source "ChessBase"]
[SourceDate "2017.03.02"]
[SourceVersion "1"]
[SourceVersionDate "2017.03.02"]
[SourceQuality "1"]
[WhiteTeam "Gorky Stormbringers"]
[BlackTeam "Shymkent Nomads"]
[WhiteTeamCountry "RUS"]
[BlackTeamCountry "KAZ"]

1. e4 e5 2. Nf3 Nc6 3. Bc4 Nf6 4. Ng5 d5 5. exd5 Na5 6. Bb5+ c6 7. dxc6 bxc6 8. Bd3 Nd5 9. Nf3 Bd6 10. 0-0 0-0 11. Re1 Qc7 12. Bf1 Bg4 13. d3 f5 14. Nc3 Rae8 15. h3 Bh5 16. Be2 Nxc3 17. bxc3 e4 18. Nd4 Bg6 19. Bh5 Qf7 20. Be2 Bb8 21. f4 exf3 22. Nxf3 Qc7 23. Rb1 Bh5 24. Rxb8 Qxb8 25. Ba3 Qg3 26. Nd4 Rf6 27. Rf1 Bxe2 28. Nxe2 Qe3+ 29. Rf2 c5 30. Bc1 Qe6 31. Bg5 Rg6 32. Bf4 Qxa2 33. Kh2 Nc6 34. Bg3 Rf6 35. Bh4 Rff8 36. Ng3 Qe6 37. Qf3 Qd6 38. Bg5 Ne5 39. Qd1 Ng6 40. Rf3 h6 41. Bd2 Nh4 42. Bf4 Nxf3+ 43. Qxf3 Qe6 44. Nh5 Kh7 45. Qb7 Qf7 46. Qf3 a5 47. Bd6 Rg8 48. Bxc5 Qc7+ 49. Nf4 Qxc5 50. d4 Qd6 51. Qg3 g5 0-1

[Event "PRO League Eastern"]
[Site "Chess.com INT"]
[Date "2017.01.11"]
[Round "1"]
[White "Pristalov, Evgeny"]
[Black "Cawdery, Daniel"]
[Result "0-1"]
[WhiteElo "2213"]
[BlackElo "2418"]
[PlyCount "108"]
[EventDate "2017.01.11"]
[EventType "team-swiss (rapid)"]
[EventRounds "7"]
[EventCountry "USA"]
[SourceTitle "CBM 176 Extra"]
[Source "ChessBase"]
[SourceDate "2017.03.02"]
[SourceVersion "1"]
[SourceVersionDate "2017.03.02"]
[SourceQuality "1"]
[WhiteTeam "Gorky Stormbringers"]
[BlackTeam "Johannesburg Koeksisters"]
[WhiteTeamCountry "RUS"]
[BlackTeamCountry "RSA"]

1. e4 c5 2. Nf3 d6 3. c3 Nf6 4. Be2 Nbd7 5. d3 g6 6. 0-0 Bg7 7. Re1 b6 8. Nbd2 Bb7 9. Bf1 Ne5 10. d4 Nxf3+ 11. Qxf3 0-0 12. Bd3 Nd7 13. Qe3 e5 14. dxc5 dxc5 15. Nc4 Qe7 16. Qg3 Rfd8 17. Bg5 f6 18. Be3 Nf8 19. Rad1 Ne6 20. h4 Rd7 21. Qg4 Rad8 22. Bc2 Rxd1 23. Rxd1 Rxd1+ 24. Qxd1 Bf8 25. a4 Bc6 26. Bb3 Bxe4 27. Na3 Kg7 28. Qd2 h5 29. Nb5 a6 30. Bh6+ Kh7 31. Bxf8 Nxf8 32. Nd6 Ba8 33. Nf7 g5 34. hxg5 Ne6 35. Bxe6 Qxe6 36. Nd8 Qg4 37. Qd3+ Be4 38. Qf1 Qxg5 39. f3 Qe3+ 40. Kh2 Bd3 41. Qd1 c4 42. a5 b5 43. Nc6 Qf4+ 44. Kh1 h4 45. Qg1 h3 46. Qh2 Qc1+ 47. Qg1 hxg2+ 48. Kxg2 Qxb2+ 49. Kg3 Qd2 50. Qa7+ Kh6 51. Qf7 Qe1+ 52. Kg2 Bf1+ 53. Kh2 Qf2+ 54. Kh1 Qg2# 0-1

[Event "PRO League Eastern"]
[Site "Chess.com INT"]
[Date "2017.01.11"]
[Round "1"]
[White "Pristalov, Evgeny"]
[Black "Oberholzer, Francois"]
[Result "1-0"]
[WhiteElo "2213"]
[BlackElo "2034"]
[PlyCount "93"]
[EventDate "2017.01.11"]
[EventType "team-swiss (rapid)"]
[EventRounds "7"]
[EventCountry "USA"]
[SourceTitle "CBM 176 Extra"]
[Source "ChessBase"]
[SourceDate "2017.03.02"]
[SourceVersion "1"]
[SourceVersionDate "2017.03.02"]
[SourceQuality "1"]
[WhiteTeam "Gorky Stormbringers"]
[BlackTeam "Johannesburg Koeksisters"]
[WhiteTeamCountry "RUS"]
[BlackTeamCountry "RSA"]

1. e4 d6 2. d4 g6 3. Nf3 Bg7 4. Bd3 a6 5. 0-0 c5 6. dxc5 dxc5 7. Qe2 Nc6 8. Rd1 Qc7 9. Nc3 e6 10. g3 Nd4 11. Nxd4 cxd4 12. Nb1 Ne7 13. c3 Nc6 14. Bf4 e5 15. Bd2 0-0 16. Na3 Be6 17. Nc2 Rad8 18. cxd4 exd4 19. f4 Qd7 20. Rf1 f5 21. e5 Bd5 22. Rac1 Rfe8 23. a4 Bf8 24. Na3 Nb4 25. Bxb4 Bxb4 26. Nc4 Re6 27. g4 Kh8 28. a5 Bc6 29. Nb6 Qf7 30. Bc4 Bxa5 31. Bxe6 Qxe6 32. Qc4 Qe8 33. Qc5 Bb5 34. Rfd1 d3 35. b4 Bxb6 36. Qxb6 Qd7 37. Rc7 Qd4+ 38. Qxd4 Rxd4 39. gxf5 gxf5 40. e6 Rxf4 41. e7 Re4 42. Rxb7 f4 43. Kf2 h5 44. Kf3 Bc6 45. Rc7 Re6+ 46. Rxc6 Rxc6 47. e8Q+ 1-0

[Event "St Petersburg rapid"]
[Site "St Petersburg"]
[Date "2016.08.27"]
[Round "2"]
[White "Pridorozhni, Aleksei"]
[Black "Pristalov, Evgeny"]
[Result "1-0"]
[WhiteElo "2579"]
[BlackElo "2189"]
[PlyCount "93"]
[EventDate "2016.08.27"]
[EventType "swiss (rapid)"]
[EventRounds "11"]
[EventCountry "RUS"]
[SourceTitle "CBM 174 Extra"]
[Source "ChessBase"]
[SourceDate "2016.10.10"]
[SourceVersion "1"]
[SourceVersionDate "2016.10.10"]
[SourceQuality "1"]

1. e4 c5 2. Nc3 g6 3. Nf3 Nc6 4. d4 cxd4 5. Nxd4 Bg7 6. Be3 Nf6 7. Nxc6 bxc6 8. e5 Ng8 9. f4 f6 10. e6 dxe6 11. Qf3 Nh6 12. Bc4 Nf5 13. Rd1 Qc7 14. Bc5 Nh4 15. Qe2 Qxf4 16. Rd4 Qg5 17. Ne4 Qxg2 18. Qxg2 Nxg2+ 19. Kf2 Nf4 20. Rhd1 Nd5 21. R4d3 Kf7 22. Bb3 e5 23. Rf3 Bh6 24. Nc3 Be6 25. Nxd5 cxd5 26. Bxd5 Rhd8 27. c4 Rac8 28. b4 Bf4 29. Ra3 Bxd5 30. Rxd5 Rxd5 31. cxd5 Rc7 32. Rxa7 Rxa7 33. Bxa7 Ke8 34. Bc5 Kd7 35. a4 e4 36. a5 Bd6 37. a6 Kc7 38. Ke3 f5 39. Kd4 g5 40. b5 h5 41. b6+ Kb8 42. Kc4 f4 43. Bxd6+ exd6 44. Kb5 e3 45. Kc6 e2 46. a7+ Ka8 47. Kc7 1-0

[Event "Nizhnij Novgorod op"]
[Site "Nizhnij Novgorod"]
[Date "2012.10.12"]
[Round "7"]
[White "Pristalov, Evgeny"]
[Black "Volkov, Dmitry V"]
[Result "1/2-1/2"]
[WhiteElo "2112"]
[BlackElo "2162"]
[PlyCount "82"]
[EventDate "2012.10.06"]
[EventType "swiss"]
[EventRounds "9"]
[EventCountry "RUS"]
[SourceTitle "EXT 2013"]
[Source "ChessBase"]
[SourceDate "2012.11.22"]
[SourceVersion "1"]
[SourceVersionDate "2012.11.22"]
[SourceQuality "1"]

1. e4 e5 2. Nf3 Nf6 3. Nc3 Nc6 4. d4 exd4 5. Nxd4 Bb4 6. Nxc6 Bxc3+ 7. bxc3 dxc6 8. Bd3 Ng4 9. Ba3 Qh4 10. Qe2 Be6 11. g3 Qf6 12. Bb2 0-0-0 13. f3 Ne5 14. 0-0 Bh3 15. Rf2 Qd6 16. Qe3 Kb8 17. Be2 Be6 18. a4 Rhe8 19. c4 Nxc4 20. Bxc4 Bxc4 21. Bxg7 f5 22. Qc3 Qc5 23. e5 f4 24. Re1 Re6 25. Bf6 Rd4 26. Kh1 fxg3 27. Rg2 b5 28. Rxg3 b4 29. Qe3 Bd5 30. c3 Rc4 31. Qxc5 Rxc5 32. cxb4 Rc3 33. Kg2 Rb3 34. b5 cxb5 35. axb5 Rxb5 36. Rc1 Rb3 37. Rc5 c6 38. Ra5 Re8 39. h4 Rg8 40. Rxg8+ Bxg8 41. Be7 Bd5 1/2-1/2

[Event "Nizhnij Novgorod op"]
[Site "Nizhnij Novgorod"]
[Date "2012.10.08"]
[Round "3"]
[White "Pristalov, Evgeny"]
[Black "Smirnova, Anastasia"]
[Result "1-0"]
[WhiteElo "2112"]
[BlackElo "2079"]
[PlyCount "79"]
[EventDate "2012.10.06"]
[EventType "swiss"]
[EventRounds "9"]
[EventCountry "RUS"]
[SourceTitle "EXT 2013"]
[Source "ChessBase"]
[SourceDate "2012.11.22"]
[SourceVersion "1"]
[SourceVersionDate "2012.11.22"]
[SourceQuality "1"]

1. e4 e5 2. Nf3 Nc6 3. Bc4 Bc5 4. d3 Nf6 5. Nbd2 d6 6. c3 a6 7. Bb3 0-0 8. 0-0 Ba7 9. Re1 Ng4 10. Re2 Be6 11. h3 Nf6 12. Bc2 Ne7 13. Nf1 Nh5 14. d4 Ng6 15. Rd2 Nhf4 16. dxe5 Bxh3 17. g3 Nh5 18. exd6 Bxf1 19. Kxf1 Qd7 20. Ng1 Qb5+ 21. Rd3 Nf6 22. Ba4 Qc4 23. Bb3 Qxe4 24. Qf3 cxd6 25. Rxd6 Qxf3 26. Nxf3 Ne4 27. Rd7 b5 28. Bd5 Nf6 29. Bxa8 Nxd7 30. Bd5 Nb6 31. Bb7 a5 32. Nd4 Nc4 33. Nxb5 Rb8 34. Nxa7 Rxb7 35. Nc6 Rb6 36. Nd4 a4 37. b3 Nce5 38. Be3 Ng4 39. Bd2 Rf6 40. f3 1-0

[Event "Nizhnij Novgorod Juniors"]
[Site "Nizhnij Novgorod"]
[Date "2012.08.??"]
[Round "?"]
[White "Agishev, Ruslan"]
[Black "Pristalov, Evgeny"]
[Result "1/2-1/2"]
[WhiteElo "1972"]
[BlackElo "2133"]
[PlyCount "108"]
[EventDate "2012.08.22"]
[EventType "swiss"]
[EventRounds "9"]
[EventCountry "RUS"]
[SourceTitle "EXT 2023"]
[Source "ChessBase"]
[SourceDate "2022.10.05"]
[SourceVersion "1"]
[SourceVersionDate "2022.10.05"]
[SourceQuality "1"]

1. e4 Nf6 2. Nc3 d5 3. exd5 Nxd5 4. Bc4 c6 5. Qf3 e6 6. Nge2 Nd7 7. d4 Nxc3 8. Qxc3 Nb6 9. 0-0 Nxc4 10. Qxc4 Be7 11. Bf4 Qb6 12. a4 c5 13. Be3 Qb4 14. Qxb4 cxb4 15. Nf4 Bd6 16. Nd3 Bd7 17. Ne5 Rc8 18. Rfc1 f6 19. Nxd7 Kxd7 20. d5 exd5 21. Bxa7 Rc4 22. Rd1 Ra8 23. Be3 Ke6 24. Rd2 Be5 25. Re1 g5 26. b3 Rc6 27. Bxg5 Kf5 28. Bh4 Rc5 29. Red1 Ke6 30. Re2 Kf5 31. h3 Rac8 32. f4 Bb2 33. g4+ Kg6 34. f5+ Kf7 35. Bf2 Rxc2 36. Rxc2 Rxc2 37. Rxd5 Rc3 38. Rd7+ Kg8 39. Rxb7 Rxb3 40. a5 Ra3 41. Rxb4 Bc3 42. Rb8+ Kf7 43. Rb7+ Kg8 44. Ra7 Bxa5 45. Kg2 Ra2 46. Ra6 Kg7 47. Kf3 Ra3+ 48. Ke4 Bb4 49. Rxa3 Bxa3 50. Bd4 Kf7 51. h4 Bc1 52. Be3 Bb2 53. g5 fxg5 54. hxg5 Bc3 1/2-1/2

[Event "Nizhnij Novgorod Juniors"]
[Site "Nizhnij Novgorod"]
[Date "2012.08.??"]
[Round "?"]
[White "Bystrov, Nikolay"]
[Black "Pristalov, Evgeny"]
[Result "1/2-1/2"]
[WhiteElo "2016"]
[BlackElo "2133"]
[PlyCount "37"]
[EventDate "2012.08.22"]
[EventType "swiss"]
[EventRounds "9"]
[EventCountry "RUS"]
[SourceTitle "EXT 2023"]
[Source "ChessBase"]
[SourceDate "2022.10.05"]
[SourceVersion "1"]
[SourceVersionDate "2022.10.05"]
[SourceQuality "1"]

1. e4 Nf6 2. e5 Nd5 3. d4 d6 4. Nf3 Bg4 5. Be2 e6 6. 0-0 Be7 7. c4 Nb6 8. Nc3 Nc6 9. exd6 cxd6 10. d5 exd5 11. cxd5 Bxf3 12. Bxf3 Ne5 13. Be2 0-0 14. Be3 Rc8 15. Bd4 f5 16. Rc1 Bf6 17. b3 f4 18. Bxe5 Bxe5 19. Ne4 1/2-1/2

[Event "Nizhnij Novgorod Juniors"]
[Site "Nizhnij Novgorod"]
[Date "2012.08.??"]
[Round "?"]
[White "Pristalov, Evgeny"]
[Black "Pazukhin, Viktor"]
[Result "1-0"]
[WhiteElo "2133"]
[BlackElo "1797"]
[PlyCount "35"]
[EventDate "2012.08.22"]
[EventType "swiss"]
[EventRounds "9"]
[EventCountry "RUS"]
[SourceTitle "EXT 2023"]
[Source "ChessBase"]
[SourceDate "2022.10.05"]
[SourceVersion "1"]
[SourceVersionDate "2022.10.05"]
[SourceQuality "1"]

1. e4 e5 2. Nf3 Nc6 3. Bc4 Nf6 4. d3 Be7 5. Nbd2 d6 6. c3 Be6 7. Bb3 d5 8. 0-0 h6 9. Ba4 Bd6 10. Re1 Nd7 11. d4 0-0 12. Bxc6 bxc6 13. exd5 cxd5 14. dxe5 Bc5 15. a4 a5 16. Nb3 f6 17. Nbd4 Re8 18. Nxe6 1-0

[Event "Kstovo Chess Hopes op"]
[Site "Kstovo"]
[Date "2012.07.??"]
[Round "3"]
[White "Gorozhanin, Mikhail"]
[Black "Pristalov, Evgeny"]
[Result "1-0"]
[WhiteElo "1940"]
[BlackElo "1989"]
[PlyCount "75"]
[EventDate "2012.07.??"]
[EventType "swiss"]
[EventRounds "9"]
[EventCountry "RUS"]
[SourceTitle "EXT 2014"]
[Source "ChessBase"]
[SourceDate "2013.11.20"]
[SourceVersion "1"]
[SourceVersionDate "2013.11.20"]
[SourceQuality "1"]

1. d4 d5 2. c4 c6 3. Nf3 Nf6 4. Nc3 e6 5. e3 Bd6 6. Bd3 Nbd7 7. 0-0 0-0 8. e4 dxc4 9. Bxc4 e5 10. h3 Re8 11. Ng5 Rf8 12. d5 Qc7 13. dxc6 bxc6 14. Be3 h6 15. Nxf7 Rxf7 16. Qb3 Rb8 17. Bxf7+ Kf8 18. Qc4 Rb4 19. Qd3 Kxf7 20. Rfd1 Ke7 21. Rac1 Bc5 22. b3 Bxe3 23. Qxe3 Qb6 24. Qg3 Kf7 25. Na4 Qc7 26. Qc3 Rb8 27. Qxc6 Qxc6 28. Rxc6 Bb7 29. Rc7 Ke8 30. Nc5 Nxc5 31. Rxc5 Bxe4 32. Rxe5+ Kf7 33. f3 Bb7 34. Rb5 Ke6 35. Rd4 Ne8 36. Rdb4 Nd6 37. Ra5 Ra8 38. h4 1-0

[Event "Kstovo Chess Hopes op"]
[Site "Kstovo"]
[Date "2012.07.??"]
[Round "8"]
[White "Pristalov, Evgeny"]
[Black "Malyshev, Nikita"]
[Result "1-0"]
[WhiteElo "1989"]
[BlackElo "1868"]
[PlyCount "55"]
[EventDate "2012.07.??"]
[EventType "swiss"]
[EventRounds "9"]
[EventCountry "RUS"]
[SourceTitle "EXT 2014"]
[Source "ChessBase"]
[SourceDate "2013.11.20"]
[SourceVersion "1"]
[SourceVersionDate "2013.11.20"]
[SourceQuality "1"]

1. e4 e6 2. d4 d5 3. Nd2 Nf6 4. e5 Nfd7 5. Bd3 c5 6. c3 Nc6 7. Ngf3 cxd4 8. cxd4 f6 9. exf6 Nxf6 10. 0-0 Bd6 11. Re1 0-0 12. Nf1 Qc7 13. Qe2 Re8 14. Bg5 e5 15. dxe5 Nxe5 16. Bxf6 gxf6 17. Nd4 Bg4 18. Qd2 Qg7 19. Bb5 Re7 20. Ng3 a6 21. Be2 Qg6 22. Bxg4 Nxg4 23. Rxe7 Bxe7 24. Ndf5 Kf8 25. Nxe7 Kxe7 26. Qb4+ Kd8 27. Qxb7 Rc8 28. Qxd5+ 1-0

[Event "Kstovo Chess Hopes op"]
[Site "Kstovo"]
[Date "2012.07.??"]
[Round "1"]
[White "Pristalov, Evgeny"]
[Black "Novikov, Danila"]
[Result "1-0"]
[WhiteElo "1989"]
[BlackElo "1746"]
[PlyCount "47"]
[EventDate "2012.07.??"]
[EventType "swiss"]
[EventRounds "9"]
[EventCountry "RUS"]
[SourceTitle "EXT 2014"]
[Source "ChessBase"]
[SourceDate "2013.11.20"]
[SourceVersion "1"]
[SourceVersionDate "2013.11.20"]
[SourceQuality "1"]

1. e4 d5 2. exd5 Qxd5 3. Nc3 Qa5 4. d4 Nf6 5. Nf3 Bg4 6. h3 Bh5 7. g4 Bg6 8. Ne5 c6 9. Bc4 e6 10. Qe2 Be4 11. 0-0 Bd5 12. Nxd5 Nxd5 13. Re1 Qc7 14. Bxd5 cxd5 15. Bf4 Qb6 16. Qf3 f6 17. Nd3 Nd7 18. Qxd5 Ke7 19. Nc5 Nxc5 20. dxc5 Rd8 21. Bd6+ Rxd6 22. cxd6+ Qxd6 23. Qxb7+ Qd7 24. Rxe6+ 1-0

[Event "Nizhnij Novgorod U20"]
[Site "Nizhnij Novgorod"]
[Date "2012.02.16"]
[Round "?"]
[White "Sukhinin, Anatoly"]
[Black "Pristalov, Evgeny"]
[Result "1-0"]
[WhiteElo "1988"]
[BlackElo "2112"]
[PlyCount "45"]
[EventDate "2012.02.10"]
[EventType "swiss"]
[EventRounds "7"]
[EventCountry "RUS"]
[SourceTitle "EXT 2022"]
[Source "ChessBase"]
[SourceDate "2021.10.06"]
[SourceVersion "1"]
[SourceVersionDate "2021.10.06"]
[SourceQuality "1"]

1. c4 c6 2. e4 d5 3. exd5 cxd5 4. d4 Nf6 5. Nc3 g6 6. cxd5 Nxd5 7. Bc4 Nb6 8. Bb3 Bg7 9. d5 N8d7 10. Be3 Ne5 11. Nge2 0-0 12. Bd4 h5 13. 0-0 h4 14. Nf4 h3 15. Re1 Qd6 16. Nb5 Qb8 17. d6 exd6 18. Bxe5 Bxe5 19. Nxg6 Bd7 20. Nxe5 dxe5 21. Qh5 Bxb5 22. Qg5+ Kh7 23. Re4 1-0

[Event "Nizhnij Novgorod U20"]
[Site "Nizhnij Novgorod"]
[Date "2012.02.11"]
[Round "?"]
[White "Popov, Nikita A"]
[Black "Pristalov, Evgeny"]
[Result "1-0"]
[WhiteElo "1841"]
[BlackElo "2112"]
[PlyCount "131"]
[EventDate "2012.02.10"]
[EventType "swiss"]
[EventRounds "7"]
[EventCountry "RUS"]
[SourceTitle "EXT 2022"]
[Source "ChessBase"]
[SourceDate "2021.10.06"]
[SourceVersion "1"]
[SourceVersionDate "2021.10.06"]
[SourceQuality "1"]

1. d4 d5 2. Nf3 Nf6 3. Bg5 c6 4. e3 Bf5 5. c4 e6 6. Qb3 Qc7 7. Nc3 Nbd7 8. Rc1 Bd6 9. Be2 0-0 10. 0-0 a6 11. c5 Be7 12. Bf4 Qc8 13. Na4 Ne4 14. Rfd1 g5 15. Bg3 f6 16. Nd2 Nxg3 17. hxg3 Kg7 18. Bf3 g4 19. e4 dxe4 20. Bxe4 Qc7 21. Bxf5 exf5 22. Qe6 Rf7 23. Qxf5 h5 24. Ne4 Rh8 25. Nac3 Qc8 26. Ne2 Nb8 27. Qxc8 Rxc8 28. Nf4 f5 29. Nd2 Rh8 30. Nc4 Nd7 31. Na5 Bg5 32. Ne6+ Kf6 33. Nxg5 Kxg5 34. Nxb7 Nf6 35. Nd6 Rfh7 36. Kf1 h4 37. gxh4+ Kxh4 38. Nxf5+ Kg5 39. Ng3 Nd5 40. Re1 Nf4 41. Re5+ Kg6 42. f3 gxf3 43. gxf3 Rh1+ 44. Nxh1 Rxh1+ 45. Kf2 Rxc1 46. Kg3 Nh5+ 47. Kh4 Rh1+ 48. Kg4 Rg1+ 49. Kh3 Nf4+ 50. Kh4 Kf6 51. Re8 Ne6 52. Ra8 Nxd4 53. Rxa6 Rb1 54. Rb6 Ra1 55. Ra6 Ke5 56. Kg3 Rb1 57. b3 Kd5 58. Ra5 Ne6 59. f4 Nxc5 60. Kg4 Kd6 61. f5 Ne4 62. Kf4 Nf6 63. Kg5 Nd5 64. Ra6 Rg1+ 65. Kh6 Rg3 66. Kh5 1-0

[Event "Nizhnij Novgorod U20"]
[Site "Nizhnij Novgorod"]
[Date "2012.02.10"]
[Round "?"]
[White "Pristalov, Evgeny"]
[Black "Moderatov, Roman"]
[Result "1-0"]
[WhiteElo "2112"]
[BlackElo "1721"]
[PlyCount "55"]
[EventDate "2012.02.10"]
[EventType "swiss"]
[EventRounds "7"]
[EventCountry "RUS"]
[SourceTitle "EXT 2022"]
[Source "ChessBase"]
[SourceDate "2021.10.06"]
[SourceVersion "1"]
[SourceVersionDate "2021.10.06"]
[SourceQuality "1"]

1. e4 d5 2. exd5 Nf6 3. d4 Nxd5 4. c4 Nb6 5. Nf3 Bg4 6. c5 N6d7 7. Be2 e6 8. Be3 Nc6 9. Nc3 Be7 10. h3 Bh5 11. Qd2 Nf6 12. 0-0-0 Nd5 13. Bb5 0-0 14. g4 Bg6 15. Bxc6 bxc6 16. Ne5 Nxc3 17. Qxc3 Be4 18. Rhg1 Rb8 19. g5 g6 20. f3 Bf5 21. Nxc6 Qd7 22. Nxb8 Rxb8 23. b3 Qd5 24. Bf4 Qc6 25. h4 Rb5 26. Rh1 Bxc5 27. dxc5 Qe8 28. Bxc7 1-0

[Event "Nizhnij Novgorod Dubinin Memorial 19th"]
[Site "Nizhnij Novgorod"]
[Date "2012.01.??"]
[Round "7"]
[White "Danov, Alexander"]
[Black "Pristalov, Evgeny"]
[Result "1-0"]
[WhiteElo "2226"]
[BlackElo "2112"]
[PlyCount "39"]
[EventDate "2012.01.??"]
[EventType "swiss"]
[EventRounds "9"]
[EventCountry "RUS"]
[SourceTitle "EXT 2015"]
[Source "ChessBase"]
[SourceDate "2014.11.20"]
[SourceVersion "1"]
[SourceVersionDate "2014.11.20"]
[SourceQuality "1"]

1. d4 Nf6 2. Nf3 g6 3. Bg5 Bg7 4. Nbd2 d5 5. e3 0-0 6. Bd3 c5 7. c3 Qb6 8. Rb1 Nc6 9. 0-0 Re8 10. Qa4 Nd7 11. b4 cxb4 12. cxb4 a6 13. b5 Qa5 14. Qb3 axb5 15. Qxd5 Nb4 16. Qxb5 Nxd3 17. Qxd3 Qxa2 18. h3 b6 19. Qe4 e5 20. Ra1 1-0

[Event "Kstovo"]
[Site "Kstovo"]
[Date "2011.09.07"]
[Round "5"]
[White "Teterin, Sergey"]
[Black "Pristalov, Evgeny"]
[Result "1/2-1/2"]
[WhiteElo "2094"]
[BlackElo "2086"]
[PlyCount "21"]
[EventDate "2011.09.03"]
[EventType "tourn"]
[EventRounds "9"]
[EventCountry "RUS"]
[SourceTitle "EXT 2013"]
[Source "ChessBase"]
[SourceDate "2012.11.22"]
[SourceVersion "1"]
[SourceVersionDate "2012.11.22"]
[SourceQuality "1"]

1. d4 d5 2. c4 e6 3. Nc3 c5 4. cxd5 cxd4 5. Qxd4 Nc6 6. Qd1 exd5 7. Nf3 Nf6 8. Bg5 Be7 9. e3 Be6 10. Bb5 0-0 11. 0-0 1/2-1/2